Production Technology (Record no. 5238)

MARC details
000 -LEADER
fixed length control field 00333nam a2200145Ia 4500
008 - FIXED-LENGTH DATA ELEMENTS--GENERAL INFORMATION
fixed length control field 191201s2012 xx 000 0 und d
082 ## - DEWEY DECIMAL CLASSIFICATION NUMBER
Classification number 670
Item number HMP
100 ## - MAIN ENTRY--PERSONAL NAME
Personal name HMT, Bangalore
245 #0 - TITLE STATEMENT
Title Production Technology
250 ## - EDITION STATEMENT
Edition statement 34th Rep
260 ## - PUBLICATION, DISTRIBUTION, ETC. (IMPRINT)
Place of publication, distribution, etc N. delhi
Name of publisher, distributor, etc TMH
Date of publication, distribution, etc 2012
300 ## - PHYSICAL DESCRIPTION
Extent 870
650 ## - SUBJECT ADDED ENTRY--TOPICAL TERM
Topical term or geographic name as entry element M.Tech (ME)
942 ## - ADDED ENTRY ELEMENTS (KOHA)
Source of classification or shelving scheme Dewey Decimal Classification
Koha item type Text Books
Holdings
Withdrawn status Lost status Source of classification or shelving scheme Damaged status Not for loan Collection code Home library Current library Date acquired Source of acquisition Cost, normal purchase price Bill Number Total Checkouts Full call number Acc. no. / Barcode Date last seen Bill Date Koha item type
    Dewey Decimal Classification     B.Tech(ME) PIET C-LIBRARY PIET C-LIBRARY 05/07/2012 IBH, New Delhi 825.00 4862   670 HMT 19324 04/12/2019 03/07/2012 Text Books
    Dewey Decimal Classification     B.Tech(ME) PIET C-LIBRARY PIET C-LIBRARY 05/07/2012 IBH, New Delhi 825.00 4862   670 HMT 19325 04/12/2019 03/07/2012 Text Books
    Dewey Decimal Classification     B.Tech(ME) PIET C-LIBRARY PIET C-LIBRARY 05/07/2012 IBH, New Delhi 825.00 4862   670 HMT 19326 04/12/2019 03/07/2012 Text Books
    Dewey Decimal Classification     B.Tech(ME) PIET C-LIBRARY PIET C-LIBRARY 05/07/2012 IBH, New Delhi 825.00 4862   670 HMT 19327 04/12/2019 03/07/2012 Text Books

Design & Developed by: PIET Central Library
R70 Miles Stone Pattikalyana Samalkha Panipat 132102
mail ID :- [email protected], Phone No:- 0180-2569700 Ex.216